[Event "Titled Tuesday intern op 3rd March"]
[Site "Chess.com INT"]
[Date "2020.03.03"]
[Round "5"]
[White "Da Silva Buganca, Luis Henrique"]
[Black "Paul, Justin"]
[Result "0-1"]
[WhiteElo "2267"]
[BlackElo "1786"]
[PlyCount "58"]
[EventDate "2020.03.03"]
[EventType "swiss (blitz)"]
[EventRounds "10"]
[EventCountry "USA"]
[SourceTitle "EXT 2021"]
[Source "ChessBase"]
[SourceDate "2020.10.23"]
[SourceVersion "1"]
[SourceVersionDate "2020.10.23"]
[SourceQuality "1"]

1. e4 e5 2. Nf3 Nc6 3. Bb5 a6 4. Ba4 Nf6 5. 0-0 Be7 6. d3 b5 7. Bb3 0-0 8. a4 b4 9. Nbd2 d5 10. exd5 Nxd5 11. Nc4 Bf6 12. Re1 Re8 13. Ne3 Be6 14. Nc4 Bc8 15. a5 Bb7 16. Ba4 Re6 17. Bxc6 Bxc6 18. Ncxe5 Bb7 19. Ng4 Rxe1+ 20. Qxe1 Be7 21. Bd2 Bd6 22. Ng5 Nf4 23. Ne4 Nd5 24. Nxd6 Qxd6 25. Qe5 Qc6 26. Re1 h5 27. Qxh5 Nf4 28. Nh6+ gxh6 29. Re4 Nxh5 0-1

[Event "Titled Tuesday intern op 6th June"]
[Site "Chess.com INT"]
[Date "2017.06.06"]
[Round "6"]
[White "Da Silva Buganca, Luis Henrique"]
[Black "D'Innocente, Stefano"]
[Result "0-1"]
[WhiteElo "1929"]
[BlackElo "2261"]
[PlyCount "42"]
[EventDate "2017.06.06"]
[EventType "swiss (blitz)"]
[EventRounds "10"]
[EventCountry "USA"]
[SourceTitle "EXT 2021"]
[Source "ChessBase"]
[SourceDate "2020.10.23"]
[SourceVersion "1"]
[SourceVersionDate "2020.10.23"]
[SourceQuality "1"]

1. d4 Nf6 2. c4 g6 3. Nc3 d5 4. cxd5 Nxd5 5. e4 Nxc3 6. bxc3 Bg7 7. Bc4 0-0 8. Ne2 Nc6 9. 0-0 b6 10. Be3 Bb7 11. Qc2 e6 12. Rfd1 Qe7 13. Bb5 a6 14. Bxc6 Bxc6 15. c4 Rfd8 16. Rab1 Qd7 17. d5 exd5 18. Nc3 d4 19. Bxd4 Bxd4 20. Ne2 Ba4 21. Qd2 Bxd1 0-1

[Event "Titled Tuesday intern op 6th June"]
[Site "Chess.com INT"]
[Date "2017.06.06"]
[Round "3"]
[White "Da Silva Buganca, Luis Henrique"]
[Black "Wei, Yi"]
[Result "0-1"]
[WhiteElo "1935"]
[BlackElo "2732"]
[PlyCount "88"]
[EventDate "2017.06.06"]
[EventType "swiss (blitz)"]
[EventRounds "10"]
[EventCountry "USA"]
[SourceTitle "EXT 2021"]
[Source "ChessBase"]
[SourceDate "2020.10.23"]
[SourceVersion "1"]
[SourceVersionDate "2020.10.23"]
[SourceQuality "1"]

1. e4 e5 2. Nf3 Nc6 3. Bb5 a6 4. Ba4 Nf6 5. 0-0 Be7 6. d3 b5 7. Bb3 d6 8. c3 0-0 9. Nbd2 Na5 10. Bc2 c5 11. Re1 h6 12. Nf1 Be6 13. h3 Nc6 14. Ng3 Re8 15. Nh2 d5 16. exd5 Qxd5 17. Nhf1 Qd7 18. Ne3 Nd5 19. Qf3 Nxe3 20. Bxe3 f5 21. Bd2 f4 22. Ne4 a5 23. Rad1 a4 24. Bc1 Bxa2 25. c4 Nd4 26. Qh5 Nxc2 27. Rf1 Nd4 28. Qxe5 f3 29. Nxc5 Ne2+ 30. Kh1 Bxc5 31. Qxc5 fxg2+ 32. Kxg2 Nxc1 33. Rxc1 Re6 34. Qxb5 Rg6+ 35. Kh2 Qd6+ 36. f4 Rd8 37. Rf3 Qe7 38. Rcf1 Qh4 39. Qxa4 Re6 40. R1f2 Bb1 41. Qd1 Bxd3 42. Qg1 Rg6 43. Qc1 Be4 44. Ra3 Qxf2# 0-1

[Event "Titled Tuesday intern op 6th June"]
[Site "Chess.com INT"]
[Date "2017.06.06"]
[Round "5"]
[White "Foisor, Sabina Francesca"]
[Black "Da Silva Buganca, Luis Henrique"]
[Result "1-0"]
[WhiteElo "2331"]
[BlackElo "1931"]
[PlyCount "81"]
[EventDate "2017.06.06"]
[EventType "swiss (blitz)"]
[EventRounds "10"]
[EventCountry "USA"]
[SourceTitle "EXT 2021"]
[Source "ChessBase"]
[SourceDate "2020.10.23"]
[SourceVersion "1"]
[SourceVersionDate "2020.10.23"]
[SourceQuality "1"]

1. d4 Nf6 2. c4 g6 3. Nf3 Bg7 4. Nc3 d6 5. Bg5 h6 6. Bh4 g5 7. Bg3 0-0 8. e3 a5 9. Be2 Na6 10. Qd2 Bg4 11. h3 Bh5 12. 0-0 Bg6 13. Bd3 Bxd3 14. Qxd3 Nb4 15. Qe2 Nh5 16. Bh2 f5 17. a3 Nc6 18. Nxg5 hxg5 19. Qxh5 e5 20. dxe5 Nxe5 21. Qe2 f4 22. exf4 gxf4 23. f3 Qg5 24. Kh1 Rae8 25. Ne4 Qg6 26. Rad1 Qf7 27. Rc1 Qg6 28. b4 axb4 29. axb4 Nc6 30. Qd2 Ne5 31. Bxf4 Nxc4 32. Rxc4 Qf7 33. Rxc7 Qxc7 34. Bxd6 Qc4 35. Rc1 Qe6 36. Bxf8 Rxf8 37. Qd3 Kh8 38. Qc4 Qh6 39. Qc7 Rxf3 40. gxf3 Qxh3+ 41. Qh2 1-0